000 00433nam a22001817a 4500
008 240309b |||||||| |||| 00| 0 eng d
020 _a9788131223048
040 _a30
082 _a617.96 PAU
100 _aPAUL , ARUN KUMAR
110 _bAYURVEDA
245 _aDRUGS AND WQUIPMENT IN ANAESTHETIC PRACTICE
250 _a6 TH
260 _aNEW DELHI
_bELSEVIER
_c2020
300 _a437
650 _aKAYACHIKSTA
942 _c01
999 _c58497
_d58497